[Event "17th Prague Open 2018"]
[Site "Prague"]
[Date "2018.01.14"]
[Round "4"]
[White "Jurcik, Marian"]
[Black "Pantzar, Milton"]
[Result "1-0"]
[WhiteElo "2460"]
[BlackElo "2268"]
[Annotator "TA"]
[PlyCount "113"]
[EventDate "2018.??.??"]
[EventType "swiss"]
[EventCountry "CZE"]
[SourceTitle "playchess.com"]
[Source "ChessBase"]
[SourceQuality "1"]

{[%evp 14,113,26,30,51,47,44,40,66,50,50,58,50,55,56,59,58,65,64,25,24,22,33,22,31,0,16,17,50,21,25,20,29,14,8,13,20,8,8,8,10,0,17,8,62,54,51,6,22,16,50,46,39,33,50,51,93,93,102,100,204,177,180,125,443,454,491,487,497,482,556,516,540,525,511,493,452,435,521,522,434,288,261,236,798,779,751,693,1303,1289,1260,1253,1218,1209,2317,2242,29975,9917,29976,29977,29983,29982]} 1. d4 Nf6 2. Nf3 d5 3. Bf4 c5 4. e3 Nc6 5. Nbd2 e6 6. c3 cxd4 7. exd4 {D02: 1 d4 d5 2 Nf3 sidelines, including 2...Nf6 3 g3 and 2...Nf6 3 Bf4} Nh5 8. Be3 {LiveBook: 59 Games} f5 {aiming for ...f4.} (8... Bd6 9. Bd3 Nf4 10. Bxf4 Bxf4 11. O-O O-O 12. Re1 Bd7 13. Ne5 Nxe5 14. dxe5 g6 {1-0 (104) Vidit,S (2715)-Aronian,L (2805) Riadh 2017}) 9. Ne5 {White is slightly better.} Nf6 $146 ({Predecessor:} 9... g6 10. Ndf3 Bg7 11. Be2 O-O 12. O-O Nf6 13. Qc1 Ng4 14. Bf4 Ngxe5 15. dxe5 {1-0 (44) Shvayger,Y (2434)-Terbe,J (2260) Metz 2017}) 10. Bf4 Be7 11. Bb5 Qb6 12. Qa4 {[%cal Re5c6]} Bd7 13. Nxd7 Nxd7 14. Nf3 a6 15. Bxc6 Qxc6 16. Qxc6 bxc6 17. O-O-O Bf6 18. Kb1 Kf7 19. Rc1 Rhc8 20. c4 Nb6 21. cxd5 cxd5 22. b3 Ke7 23. Rxc8 Rxc8 24. Rc1 Kd7 25. Rxc8 Nxc8 $11 {[%mdl 4096] Endgame KBN-KBN} 26. Kc2 Ne7 27. Kc3 Ng6 28. Bg5 Kc6 (28... Bxg5 $11 29. Nxg5 Nf4) 29. g3 h6 30. Be3 Ne7 31. Ne1 Nc8 32. Nd3 Nd6 33. a4 Nb7 34. Nf4 Kd7 35. Nh5 Ke7 36. b4 {[%cal Bb3b4,Bb4b5][%mdl 32]} Kf7 (36... g5 $16) 37. Nxf6 $18 Kxf6 {KB-KN} 38. Bf4 (38. b5 $18 axb5 39. axb5) 38... Ke7 $2 {[%mdl 8192] [#]} (38... g5 $16) 39. h4 $1 {[%cal Rh4h5]} h5 40. Be5 g6 41. b5 a5 42. Kd3 Kd7 43. Ke3 Nd8 44. Kf4 Nf7 45. Bb8 Kc8 {[#]} 46. Ba7 $1 Nd6 47. f3 Kb7 48. Bc5 Nf7 $2 (48... Nc4) 49. Ba3 Kc7 50. Bc1 Nd6 51. Kg5 Nc4 52. Kxg6 e5 53. dxe5 d4 54. Kxf5 d3 55. g4 {[%cal Bg3g4,Bg4h5][%mdl 32]} d2 {[#]} 56. Bxd2 $1 Nxd2 57. gxh5 {Precision: White = 77%, Black = 23%.} 1-0

[Event "17th Prague Open 2018"]
[Site "Prague"]
[Date "2018.01.14"]
[Round "4"]
[White "Vichnar, David"]
[Black "Fedorov, Evgueny"]
[Result "1/2-1/2"]
[WhiteElo "2443"]
[BlackElo "2241"]
[Annotator "TA"]
[PlyCount "81"]
[EventDate "2018.??.??"]
[EventType "swiss"]
[EventCountry "CZE"]
[SourceTitle "playchess.com"]
[Source "ChessBase"]
[SourceQuality "1"]

{[%evp 22,81,14,0,9,8,0,17,33,38,41,14,7,7,8,4,6,0,41,39,43,47,61,55,46,47,162,162,177,177,167,168,177,177,181,175,155,6,47,17,40,4,11,20,20,22,69,70,79,93,176,0,0,0,0,0,0,0,0,0,0,0]} 1. d4 Nf6 2. c4 e6 3. g3 c5 4. d5 exd5 5. cxd5 d6 6. e4 g6 7. Nc3 Bg7 8. Bg2 O-O 9. Nge2 Re8 10. O-O b5 {A60: Modern Benoni: Early Divergences} 11. e5 Rxe5 12. Bf4 {LiveBook: 4 Games} (12. Nxb5 Bg4 13. f3 Bd7 14. Nbc3 Na6 15. Bf4 Re8 16. Bxd6 Qb6 17. Bf4 Qxb2 18. Rb1 {1-0 (50) Bacallao Alonso,Y (2519)-Baules,J (2311) Panama City 2013}) 12... Re8 {Threatens to win with ...b4.} 13. Nxb5 Bf8 14. Nec3 a6 15. Na3 $1 Nh5 16. Be3 $146 ({Predecessor:} 16. Bd2 Nd7 17. f4 f5 18. Qf3 {1-0 (54) Sathyanandha,S (2010)-Iskandarov,M (2034) Akhisar Manisa 2009}) 16... Nd7 17. Nc4 Ne5 18. Nxe5 Rxe5 19. Qd2 f5 20. Rfe1 Bg7 21. Bg5 $36 {[%mdl 2048] Black is under pressure.} Qf8 22. Rxe5 Bxe5 23. Re1 {Strongly threatening Rxe5!} Bd7 (23... Bf6 $14) 24. Rxe5 $1 $18 dxe5 25. d6 e4 26. Qd5+ Kh8 27. Be7 ({Not} 27. Qxc5 h6 $14) 27... Qg8 28. Qxc5 h6 29. f3 (29. Bf1 $16) 29... Rc8 30. Qd4+ Qg7 31. Qa7 Rxc3 32. bxc3 Qxc3 33. fxe4 Qa1+ 34. Bf1 {Hoping for exf5.} Bb5 {[%csl Gb5][%cal Ra1f1]} 35. Qf2 fxe4 {[#]} (35... Bxf1 $16 {might work better.} 36. Qxf1 Qd4+ 37. Qf2 Qd1+ 38. Kg2 fxe4) 36. g4 $2 ({White has to play} 36. d7 $1 $18 {[%cal Rd7d8][%mdl 512]} Bxd7 37. Qd2) 36... Bxf1 $1 $11 {The position is equal.} 37. Qxf1 Qd4+ 38. Kg2 e3 39. gxh5 {Bf6+ would kill now.} Qg4+ 40. Kh1 {Intending Qf8+ and mate.} Qe4+ 41. Kg1 {Precision: White = 58%, Black = 51%.} 1/2-1/2

[Event "17th Prague Open 2018"]
[Site "Prague"]
[Date "2018.01.14"]
[Round "4"]
[White "Low, Zhen Yu Cyrus"]
[Black "Kulkarni, Bhakti"]
[Result "1-0"]
[WhiteElo "2437"]
[BlackElo "2306"]
[Annotator "TA"]
[PlyCount "91"]
[EventDate "2018.??.??"]
[EventType "swiss"]
[EventCountry "CZE"]
[SourceTitle "playchess.com"]
[Source "ChessBase"]
[SourceQuality "1"]

{[%evp 23,91,39,64,59,81,78,83,60,70,63,153,162,178,197,277,286,335,333,437,436,413,229,237,229,398,393,363,360,821,822,772,744,764,663,29989,29990,2797,0,1089,1072,1180,532,508,404,400,402,402,381,370,384,373,368,341,352,342,305,379,367,393,361,371,362,502,493,615,620,648,508,631,519]} 1. e4 e5 2. Nf3 Nc6 3. Bc4 Bc5 4. O-O Nf6 5. d3 O-O 6. h3 a6 7. c3 Ba7 8. Re1 d6 9. Bb3 Ne7 10. Nbd2 {[%cal Bb1d2,Bd2f1,Bf1g3,Bg3f5][%mdl 32]} Ng6 11. Nf1 Nh5 12. d4 Qe8 {LiveBook: 9 Games. C54: Giuoco Piano: 4 c3 Nf6, main lines with 5 d4 and 5 d3} (12... Nhf4 13. Ng3 Nh4 14. Bxf4 exf4 15. Nh5 c5 16. dxc5 Bxc5 17. Nxf4 Kh8 18. Nxh4 Qxh4 19. Qf3 Be6 20. Bd5 {0-1 (63) Ganguly,S (2668)-Aronian,L (2785) Doha 2016}) 13. Be3 Nhf4 14. Ng3 Qe7 {White is better.} 15. Bc2 $146 ({Find the theoretical novelty and annotate with similar games:} 15. Qd2 h6 16. Bc2 Qf6 17. Nf5 Ne6 18. Kh2 Bb8 19. d5 Nd8 20. g4 {½-½ (44) Toth,A (2132)-Kizov,A (2345) Sozina 2004}) 15... Qf6 16. Nf5 h6 ({Better is} 16... c5 $14) 17. g3 $1 $16 Ne6 18. Nh2 Qd8 (18... exd4 $142 19. cxd4 c5) 19. Qh5 $1 $18 exd4 20. cxd4 Ng5 21. h4 Nh7 {[#]} 22. Bxh6 (22. Nxg7 $142 $1 {[%mdl 512]} Kxg7 23. e5 (23. Bxh6+ Kh8 $16)) 22... Nf6 23. Qg5 $40 {[%mdl 128] White attacks with force.} gxh6 $2 (23... Nh7 {was necessary.} 24. Qe3 (24. Qxd8 Rxd8 25. Nxg7 Bxd4 $16) 24... Bxf5) 24. Qxh6 {[%csl Gf5][%cal Rh6g7]} Bxf5 25. exf5 Bxd4 $2 (25... Ne7 26. Qxf6 Nd5) 26. fxg6 fxg6 27. Qxg6+ Kh8 28. Rad1 Bxb2 29. Qh6+ Kg8 30. Qg6+ (30. Rd5 $142 Be5 {[#]} 31. Rexe5 $1 {[%mdl 512]}) 30... Kh8 31. Ng4 {Nxf6 would kill now.} Qd7 32. Qh6+ (32. Nxf6 $142 {Threatening mate with Qh6+.} Rxf6 33. Qh5+ Kg8 34. Qd5+ Rf7 35. Qxb7) 32... Nh7 33. Bxh7 Qxh7 34. Qxh7+ Kxh7 35. Re7+ Kg6 36. Rxc7 Ba3 37. Rd5 {[%csl Gd5][%cal Rh4h5]} Rf5 38. Rxf5 Kxf5 {[%mdl 4096] Endgame KRB-KRN} 39. Ne3+ Ke4 40. Re7+ Kf3 41. Rxb7 Bc5 42. Rf7+ Ke2 43. Nd5 {White is clearly winning.} Rb8 44. h5 {[%cal Bh4h5,Bh5h6][%mdl 32]} Bd4 45. h6 Rb2 46. Rf4 {Precision: White = 66%, Black = 28%.} 1-0

[Event "17th Prague Open 2018"]
[Site "Prague"]
[Date "2018.01.14"]
[Round "4"]
[White "Kalegin, Evgenij"]
[Black "Michalczak, Thomas"]
[Result "1/2-1/2"]
[WhiteElo "2426"]
[BlackElo "2208"]
[Annotator "TA"]
[PlyCount "96"]
[EventDate "2018.??.??"]
[EventType "swiss"]
[EventCountry "CZE"]
[SourceTitle "playchess.com"]
[Source "ChessBase"]
[SourceQuality "1"]

{[%evp 22,96,6,16,20,20,13,6,19,4,-6,0,0,0,0,-49,22,-17,-12,-34,-9,-39,-28,-56,-58,-75,-41,-54,-33,-44,-24,-45,0,-31,-30,-75,-33,-40,-40,-34,-29,-49,-49,-49,-49,-54,-49,-50,-56,-56,-56,-58,-60,-214,-96,-106,-106,-137,-95,-107,0,0,0,0,0,0,0,0,0,0,0,0,0,0,0,0,0]} 1. e4 e5 2. Nf3 Nc6 3. Bb5 a6 4. Ba4 Nf6 5. d3 d6 6. c3 g6 7. O-O Bg7 8. Bg5 {C77: Ruy Lopez: 3...a6 4 Ba4 Nf6, unusual lines} h6 9. Bh4 O-O 10. Nbd2 Qe8 11. Re1 Nh5 12. Nf1 {LiveBook: 3 Games} f5 $146 ({Predecessor:} 12... Bd7 13. Bb3 Kh8 14. Ne3 f5 15. exf5 gxf5 16. Nd5 {1-0 (49) Hernandez Guerrero,G (2531)-Bachmann,A (2645) Praia da Pipa 2014}) 13. exf5 gxf5 14. d4 {[%cal Bd3d4,Bd4d5][%mdl 32]} e4 15. d5 b5 16. Bc2 $1 Ne5 17. Nxe5 Bxe5 18. Ng3 Nxg3 (18... Nf4 $15) 19. hxg3 Qg6 20. Qd2 Bd7 21. f4 Bg7 22. Re3 a5 23. Rb1 {[#]} b4 $1 {[%mdl 512]} 24. cxb4 axb4 25. Bb3 Bb5 26. Rc1 Bd3 27. Rxd3 exd3 28. Re1 Bd4+ 29. Kh2 $1 Qg7 30. Qxd3 Bxb2 31. Re6 Bf6 32. Bxf6 Rxf6 33. Qb5 $1 Rg6 34. Re8+ Rxe8 35. Qxe8+ $15 {[%mdl 4096] Endgame KQR-KQB} Kh7 36. Bc2 Rf6 37. Qc8 $2 {[#]} ({White should play} 37. Qb8 $15) 37... Qg6 (37... Rf8 $1 $19 {[%cal Rf8c8] has better winning chances.} 38. Bxf5+ Kh8) 38. Qxc7+ Rf7 39. Qc8 Kg7 40. Bd1 {[#]} Qf6 ({Better is} 40... h5 $1 $17) 41. Bh5 $1 $11 {The position is equal.} Re7 42. Qb8 Re4 43. Qb7+ Kg8 44. Qc8+ Kh7 45. Qb7+ Kg8 46. Qc8+ Kg7 47. Qb7+ Qe7 48. Qc8 Qf6 {Precision: White = 57%, Black = 45%.} 1/2-1/2

[Event "17th Prague Open 2018"]
[Site "Prague"]
[Date "2018.01.14"]
[Round "4"]
[White "Lalic, Bogdan"]
[Black "Kareva, Natalia"]
[Result "1-0"]
[WhiteElo "2415"]
[BlackElo "2207"]
[Annotator "TA"]
[PlyCount "65"]
[EventDate "2018.??.??"]
[EventType "swiss"]
[EventCountry "CZE"]
[SourceTitle "playchess.com"]
[Source "ChessBase"]
[SourceQuality "1"]

{[%evp 22,65,0,0,50,54,64,53,77,55,71,35,47,24,79,80,79,70,193,181,250,240,314,300,325,308,325,308,303,254,319,275,653,590,792,709,685,658,786,752,775,760,761,740,703,710]} 1. d4 d5 2. c4 c6 3. Nf3 Nf6 4. Nc3 e6 5. e3 {[%cal Be2e3,Be3e4,Be4e5][%mdl 32]} Nbd7 6. Bd3 dxc4 7. Bxc4 b5 8. Bd3 a6 9. e4 c5 10. e5 cxd4 11. Nxb5 axb5 12. exf6 Qa5+ {D49: Semi-Slav: Meran System: Main line with 9 e4 c5 10 e5 cxd4 11 Nxb5} (12... Qxf6 $2 13. Bg5 $18) (12... gxf6 13. O-O Qb6 14. Qe2 b4 15. Rd1 Bc5 16. Bxh7 Rxh7 17. Qe4 Bb7 18. Qxh7 Bxf3 19. gxf3 Ke7 20. Bf4 e5 21. Bg3 Qe6 22. Re1 Bd6 {1-0 (35) Mamedyarov,S (2747)-Ponomariov,R (2712) Huaian 2016}) 13. Bd2 Qb6 14. fxg7 Bxg7 {White is slightly better.} 15. O-O Nc5 16. Bf4 Bb7 17. Re1 Bd5 {[#]} (17... Nxd3 $11 18. Qxd3 Bxf3 19. Qxf3 O-O) 18. Be5 $146 {[%mdl 2048] White is on the roll.} ({Find the theoretical novelty and annotate with similar games:} 18. Ng5 h6 19. Ne4 Nxe4 20. Bxe4 Bxe4 21. Rxe4 Qb7 22. Qd3 Qd5 23. a3 Rc8 {1-0 (46) Harikrishna,P (2563)-Imanaliev,T (2399) Jodhpur 2003}) 18... Bxe5 19. Nxe5 Qb7 (19... Nxd3 $14 20. Nxd3 Rg8) 20. Bf1 $18 Rg8 (20... O-O {might work better.} 21. Qxd4 f6 22. Qxc5 fxe5) 21. Ng4 d3 22. Nf6+ Ke7 {[%cal Rd5g2]} 23. Nxg8+ Rxg8 {[#]} 24. g3 $1 Ne4 25. Re3 ({But not} 25. Bxd3 $6 Ng5 $16) 25... Ng5 26. Rxd3 Bc4 $2 (26... Be4) 27. Bg2 {White is clearly winning.} Qa7 28. Re3 Rd8 29. Qe1 h5 30. b3 Bd5 31. Qb4+ Kf6 32. h4 Nh7 33. Rd1 {Precision: White = 84%, Black = 30%.} 1-0

[Event "17th Prague Open 2018"]
[Site "Prague"]
[Date "2018.01.14"]
[Round "4"]
[White "Moehn, Hans"]
[Black "Makoveev, Ilya"]
[Result "1/2-1/2"]
[WhiteElo "2378"]
[BlackElo "2196"]
[Annotator "ChessBase"]
[PlyCount "63"]
[EventDate "2018.??.??"]
[EventType "swiss"]
[EventCountry "CZE"]
[SourceTitle "playchess.com"]
[Source "ChessBase"]
[SourceQuality "1"]
[TimeControl "40/5400+30:1800+30"]

1. Nf3 {[%emt 0:02:03]} Nf6 {[%emt 0:00:33]} 2. c4 {[%emt 0:00:09]} g6 {[%emt 0:00:27]} 3. Nc3 {[%emt 0:00:06]} d5 {[%emt 0:00:28]} 4. cxd5 {[%emt 0:00:06]} Nxd5 {[%emt 0:00:04]} 5. e4 {[%emt 0:00:06]} Nxc3 {[%emt 0:00:14]} 6. dxc3 {[%emt 0:00:05]} Qxd1+ {[%emt 0:00:22]} 7. Kxd1 {[%emt 0:00:05]} f6 {[%emt 0:06:04]} 8. Be3 {[%emt 0:00:07]} e5 {[%emt 0:00:46]} 9. Nd2 {[%emt 0:00:06]} Be6 {[%emt 0:03:44]} 10. Bc4 {[%emt 0:00:09]} Kf7 {[%emt 0:00:36]} 11. Kc2 {[%emt 0:00:06]} Nd7 {[%emt 0:12:26]} 12. Rhd1 {[%emt 0:00:40]} a5 {[%emt 0:03:54]} 13. f3 {[%emt 0:07:51]} a4 {[%emt 0:21:40]} 14. b4 {[%emt 0:01:39]} axb3+ {[%emt 0:01:55]} 15. axb3 {[%emt 0:00:09]} Bc5 {[%emt 0:00:29]} 16. Bxc5 {[%emt 0:02:23]} Nxc5 {[%emt 0:00:02]} 17. b4 {[%emt 0:00:41]} Nd7 {[%emt 0:03:17]} 18. Nb3 {[%emt 0:22:03]} Ke7 {[%emt 0:03:17]} 19. Bxe6 {[%emt 0:00:33]} Kxe6 {[%emt 0:00:01]} 20. Ra5 {[%emt 0:00:49]} b6 {[%emt 0:13:41]} 21. Rad5 {[%emt 0:00:19]} Rhd8 {[%emt 0:00:38]} 22. Kb2 {[%emt 0:32:30]} Ke7 {[%emt 0:01:04]} 23. Nd2 {[%emt 0:02:36]} Nf8 {[%emt 0:04:11]} 24. Nc4 {[%emt 0:00:24]} Ne6 {[%emt 0:00:07]} 25. Ne3 {[%emt 0:04:34]} c6 {[%emt 0:04:33]} 26. Rxd8 {[%emt 0:00:46]} Rxd8 {[%emt 0:00:19]} 27. Ra1 {[%emt 0:05:02]} Rd2+ {[%emt 0:03:23]} 28. Kb3 {[%emt 0:00:13]} b5 {[%emt 0:01:38]} 29. Ra7+ {[%emt 0:01:18]} Rd7 {[%emt 0:00:20]} 30. Ra6 {[%emt 0:02:59]} Rd3 {[%emt 0:03:08]} 31. Kc2 {[%emt 0:00:33]} Rd6 {[%emt 0:04:13]} 32. Ra7+ {[%emt 0:02:21]} 1/2-1/2

[Event "17th Prague Open 2018"]
[Site "Prague"]
[Date "2018.01.14"]
[Round "4"]
[White "Mihajlov, Sebastian"]
[Black "Lee, Jun Hyeok"]
[Result "1/2-1/2"]
[WhiteElo "2371"]
[BlackElo "2305"]
[Annotator "ChessBase"]
[PlyCount "45"]
[EventDate "2018.??.??"]
[EventType "swiss"]
[EventCountry "CZE"]
[SourceTitle "playchess.com"]
[Source "ChessBase"]
[SourceQuality "1"]
[TimeControl "40/5400+30:1800+30"]

1. d4 {[%emt 0:08:00]} g6 {[%emt 0:00:13]} 2. Nf3 {[%emt 0:00:10]} Bg7 {[%emt 0:00:11]} 3. c4 {[%emt 0:00:18]} d6 {[%emt 0:02:26]} 4. Nc3 {[%emt 0:00:12]} Nf6 {[%emt 0:03:08]} 5. e4 {[%emt 0:00:09]} O-O {[%emt 0:00:08]} 6. Be2 {[%emt 0:02:00]} Na6 {[%emt 0:06:43]} 7. O-O {[%emt 0:00:31]} e5 {[%emt 0:00:04]} 8. Be3 {[%emt 0:02:41]} c6 {[%emt 0:01:11]} 9. d5 {[%emt 0:14:34]} Ng4 {[%emt 0:00:26]} 10. Bg5 {[%emt 0:00:06]} f6 {[%emt 0:00:11]} 11. Bd2 {[%emt 0:03:40]} f5 {[%emt 0:03:33]} 12. exf5 {[%emt 0:00:10]} gxf5 {[%emt 0:00:13]} 13. Bg5 {[%emt 0:00:14]} Qc7 {[%emt 0:09:40]} 14. Qd2 {[%emt 0:06:24]} c5 {[%emt 0:06:08]} 15. Nb5 {[%emt 0:09:16]} Qd7 {[%emt 0:00:44]} 16. Bh4 {[%emt 0:01:06]} Nc7 {[%emt 0:13:22]} 17. Nxc7 {[%emt 0:06:33]} Qxc7 {[%emt 0:00:03]} 18. Ng5 {[%emt 0:00:06]} Qe7 {[%emt 0:04:19]} 19. f3 {[%emt 0:08:22]} Nh6 {[%emt 0:08:10]} 20. g3 {[%emt 0:03:00]} Bf6 {[%emt 0:01:24]} 21. Kh1 {[%emt 0:08:00]} Nf7 {[%emt 0:03:18]} 22. Nxf7 {[%emt 0:00:42]} Rxf7 {[%emt 0:02:11]} 23. Bxf6 {[%emt 0:01:27]} 1/2-1/2

[Event "17th Prague Open 2018"]
[Site "Prague"]
[Date "2018.01.14"]
[Round "4"]
[White "Kaasen, Tor Fredrik"]
[Black "Nimmy, A G"]
[Result "1/2-1/2"]
[WhiteElo "2340"]
[BlackElo "2109"]
[Annotator "ChessBase"]
[PlyCount "119"]
[EventDate "2018.??.??"]
[EventType "swiss"]
[EventCountry "CZE"]
[SourceTitle "playchess.com"]
[Source "ChessBase"]
[SourceQuality "1"]
[TimeControl "40/5400+30:1800+30"]

1. e4 {[%emt 0:05:37]} c5 {[%emt 0:00:07]} 2. Nf3 {[%emt 0:00:13]} d6 {[%emt 0:00:03]} 3. Bb5+ {[%emt 0:00:04]} Nd7 {[%emt 0:00:04]} 4. O-O {[%emt 0:00:06]} a6 {[%emt 0:00:08]} 5. Bd3 {[%emt 0:00:04]} Ngf6 {[%emt 0:00:53]} 6. Re1 {[%emt 0:00:27]} e5 {[%emt 0:01:09]} 7. c3 {[%emt 0:00:58]} Be7 {[%emt 0:00:47]} 8. Bc2 {[%emt 0:00:15]} O-O {[%emt 0:01:37]} 9. a4 {[%emt 0:02:47]} b6 {[%emt 0:08:06]} 10. d4 {[%emt 0:01:24]} Bb7 {[%emt 0:01:10]} 11. d5 {[%emt 0:00:55]} b5 {[%emt 0:03:44]} 12. Na3 {[%emt 0:05:30]} Nb6 {[%emt 0:13:03]} 13. a5 {[%emt 0:07:00]} Nbd7 {[%emt 0:00:22]} 14. b4 {[%emt 0:00:05]} Rc8 {[%emt 0:02:21]} 15. Bd3 {[%emt 0:03:38]} Re8 {[%emt 0:06:42]} 16. Nc2 {[%emt 0:01:43]} Bf8 {[%emt 0:05:05]} 17. Bg5 {[%emt 0:03:16]} h6 {[%emt 0:03:54]} 18. Bd2 {[%emt 0:04:31]} g6 {[%emt 0:00:39]} 19. h3 {[%emt 0:04:33]} Bxd5 {[%emt 0:17:16]} 20. exd5 {[%emt 0:07:20]} e4 21. Bf4 {[%emt 0:00:20]} exd3 {[%emt 0:13:41]} 22. Qxd3 {[%emt 0:00:30]} cxb4 {[%emt 0:08:18]} 23. cxb4 {[%emt 0:07:59]} Rxe1+ {[%emt 0:00:48]} 24. Rxe1 Nxd5 {[%emt 0:00:02]} 25. Qxd5 {[%emt 0:05:51]} Rxc2 {[%emt 0:00:32]} 26. Bxd6 {[%emt 0:11:39]} Nf6 {[%emt 0:08:30]} 27. Qd1 {[%emt 0:01:13]} Rc8 {[%emt 0:00:15]} 28. Bxf8 {[%emt 0:00:26]} Qxf8 29. Qd4 Kg7 {[%emt 0:01:06]} 30. Ne5 {[%emt 0:02:08]} Qe7 {[%emt 0:01:50]} 31. Re3 {[%emt 0:01:15]} Rd8 {[%emt 0:01:08]} 32. Qb2 {[%emt 0:02:02]} Rd1+ {[%emt 0:00:16]} 33. Kh2 {[%emt 0:03:06]} Qd6 34. Qb3 {[%emt 0:10:20]} Qd5 {[%emt 0:00:03]} 35. Qc3 {[%emt 0:06:58]} Qd4 36. Qxd4 Rxd4 {[%emt 0:01:50]} 37. Nc6 {[%emt 0:02:20]} Rc4 {[%emt 0:00:15]} 38. Nb8 {[%emt 0:00:01]} Rxb4 {[%emt 0:02:36]} 39. Nxa6 {[%emt 0:00:21]} Ra4 {[%emt 0:00:13]} 40. Nc7 Rxa5 41. Rb3 {[%emt 0:30:35]} Ne4 {[%emt 0:31:18]} 42. Nxb5 {[%emt 0:02:08]} Nxf2 {[%emt 0:00:40]} 43. Nd6 {[%emt 0:00:01]} Rd5 {[%emt 0:00:00]} 44. Ne8+ {[%emt 0:00:00]} Kf8 {[%emt 0:00:00]} 45. Nf6 {[%emt 0:00:00]} Rd8 {[%emt 0:00:00]} 46. Rb7 {[%emt 0:00:00]} Nd3 {[%emt 0:00:00]} 47. Nd7+ {[%emt 0:00:00]} Kg7 {[%emt 0:00:00]} 48. Kg3 {[%emt 0:00:00]} g5 {[%emt 0:00:00]} 49. Kh2 {[%emt 0:00:00]} h5 50. Kg3 {[%emt 0:00:00]} h4+ {[%emt 0:00:00]} 51. Kh2 Re8 {[%emt 0:00:00]} 52. Rb5 {[%emt 0:00:00]} f6 {[%emt 0:00:00]} 53. Rb6 Nf4 {[%emt 0:02:26]} 54. Nxf6 {[%emt 0:00:00]} Re2 {[%emt 0:00:11]} 55. Kh1 Nxg2 {[%emt 0:01:59]} 56. Nh5+ {[%emt 0:00:00]} Kh7 {[%emt 0:02:40]} 57. Nf6+ {[%emt 0:00:00]} Kg7 {[%emt 0:00:30]} 58. Nh5+ {[%emt 0:00:00]} Kh7 {[%emt 0:00:33]} 59. Nf6+ {[%emt 0:00:00]} Kg7 {[%emt 0:00:30]} 60. Nh5+ 1/2-1/2

[Event "17th Prague Open 2018"]
[Site "Prague"]
[Date "2018.01.14"]
[Round "4"]
[White "Liu, Yi"]
[Black "Adamko, Peter"]
[Result "1/2-1/2"]
[WhiteElo "2337"]
[BlackElo "2098"]
[Annotator "ChessBase"]
[PlyCount "100"]
[EventDate "2018.??.??"]
[EventType "swiss"]
[EventCountry "CZE"]
[SourceTitle "playchess.com"]
[Source "ChessBase"]
[SourceQuality "1"]
[TimeControl "40/5400+30:1800+30"]

1. d4 {[%emt 0:04:07]} Nf6 {[%emt 0:00:35]} 2. c4 {[%emt 0:01:04]} e6 {[%emt 0:01:24]} 3. Nf3 {[%emt 0:01:34]} Bb4+ {[%emt 0:01:39]} 4. Nbd2 {[%emt 0:00:26]} c5 {[%emt 0:05:18]} 5. a3 {[%emt 0:02:27]} Bxd2+ {[%emt 0:00:35]} 6. Qxd2 {[%emt 0:01:02]} cxd4 {[%emt 0:04:26]} 7. Qxd4 {[%emt 0:04:06]} Nc6 {[%emt 0:05:59]} 8. Qh4 {[%emt 0:01:51]} d5 {[%emt 0:03:54]} 9. b4 {[%emt 0:11:11]} O-O {[%emt 0:06:33]} 10. Bb2 {[%emt 0:01:11]} dxc4 {[%emt 0:06:28]} 11. Qxc4 {[%emt 0:01:22]} Qd5 {[%emt 0:07:50]} 12. e3 {[%emt 0:03:11]} Rd8 {[%emt 0:03:01]} 13. Rc1 {[%emt 0:09:34]} Qxc4 {[%emt 0:14:01]} 14. Bxc4 {[%emt 0:02:13]} Bd7 {[%emt 0:00:25]} 15. O-O {[%emt 0:01:01]} Ne7 {[%emt 0:01:10]} 16. Ne5 {[%emt 0:01:55]} Ba4 {[%emt 0:00:33]} 17. f3 {[%emt 0:03:30]} Nfd5 {[%emt 0:02:54]} 18. Rfe1 {[%emt 0:02:14]} Nb6 {[%emt 0:00:11]} 19. Bf1 {[%emt 0:00:55]} f6 {[%emt 0:04:13]} 20. Nd3 {[%emt 0:01:27]} Nd7 {[%emt 0:01:29]} 21. Nf4 {[%emt 0:03:05]} Kf7 {[%emt 0:00:55]} 22. Bc4 {[%emt 0:04:17]} Nf8 {[%emt 0:00:12]} 23. Nd3 {[%emt 0:11:02]} Nd7 {[%emt 0:01:41]} 24. Ba2 {[%emt 0:07:28]} Rac8 {[%emt 0:05:31]} 25. e4 {[%emt 0:03:24]} Rxc1 {[%emt 0:03:00]} 26. Rxc1 {[%emt 0:00:11]} Rc8 {[%emt 0:00:29]} 27. f4 {[%emt 0:04:21]} Rxc1+ {[%emt 0:02:25]} 28. Bxc1 {[%emt 0:00:48]} g6 {[%emt 0:03:06]} 29. Kf2 {[%emt 0:02:56]} f5 {[%emt 0:02:13]} 30. exf5 {[%emt 0:01:07]} Nxf5 {[%emt 0:01:23]} 31. Bb2 {[%emt 0:04:23]} Ke7 {[%emt 0:01:54]} 32. g4 {[%emt 0:00:43]} Nd6 {[%emt 0:00:17]} 33. Ne5 {[%emt 0:02:15]} Nxe5 {[%emt 0:02:32]} 34. fxe5 {[%emt 0:01:45]} Nb5 {[%emt 0:00:58]} 35. Kg3 {[%emt 0:01:26]} b6 {[%emt 0:00:36]} 36. Kh4 {[%emt 0:01:03]} h6 {[%emt 0:03:47]} 37. Bc1 {[%emt 0:01:06]} Kf7 {[%emt 0:00:21]} 38. Bxh6 Nxa3 {[%emt 0:00:14]} 39. Bd2 {[%emt 0:00:46]} Bc2 {[%emt 0:00:56]} 40. Kg5 {[%emt 0:00:26]} Nb5 {[%emt 0:33:35]} 41. h4 {[%emt 0:01:20]} Nd4 {[%emt 0:00:00]} 42. Kf4 {[%emt 0:00:22]} Bd1 {[%emt 0:00:00]} 43. Bb1 {[%emt 0:01:56]} Nf3 {[%emt 0:00:00]} 44. Be3 {[%emt 0:01:36]} Nxh4 {[%emt 0:00:00]} 45. Be4 {[%emt 0:00:10]} Be2 {[%emt 0:00:00]} 46. Bf2 {[%emt 0:03:11]} g5+ {[%emt 0:00:00]} 47. Kxg5 {[%emt 0:00:05]} Nf3+ {[%emt 0:00:00]} 48. Kf4 {[%emt 0:02:10]} Nd2 {[%emt 0:00:00]} 49. Bc2 {[%emt 0:01:22]} Nc4 {[%emt 0:00:00]} 50. Be1 {[%emt 0:02:02]} a5 {[%emt 0:00:00]} 1/2-1/2